Countries Containing T (no continent prompts) - Statistics

General Stats
  • This quiz has been taken 1,867 times
  • The average score is 57 of 66
Answer Stats
country % Correct
Turkmenistan
96%
United States
96%
Australia
95%
Turkey
95%
United Kingdom
95%
South Korea
94%
Afghanistan
93%
Pakistan
93%
South Africa
93%
Tajikistan
93%
Thailand
93%
Uzbekistan
93%
Argentina
92%
Austria
92%
Estonia
92%
Latvia
92%
Lithuania
92%
Portugal
92%
Italy
91%
North Korea
91%
Togo
91%
Trinidad and Tobago
91%
Tuvalu
91%
United Arab Emirates
91%
Vatican City
91%
South Sudan
90%
St Kitts and Nevis
90%
Tonga
90%
Ethiopia
89%
Kazakhstan
89%
St Lucia
89%
St Vincent and the Grenadines
89%
Tanzania
89%
Vietnam
89%
Antigua and Barbuda
88%
Egypt
88%
Haiti
88%
Taiwan
88%
Tunisia
88%
Liechtenstein
87%
Bhutan
86%
Eritrea
86%
Guatemala
86%
Kyrgyzstan
86%
Mauritania
86%
Mauritius
85%
Switzerland
85%
Costa Rica
84%
Croatia
84%
Malta
84%
Netherlands
84%
Vanuatu
84%
East Timor
83%
Kuwait
83%
Botswana
82%
Lesotho
82%
Qatar
82%
Djibouti
81%
Kiribati
81%
Montenegro
80%
São Tomé and Príncipe
80%
Central African Republic
79%
Equatorial Guinea
79%
Côte d'Ivoire
76%
Federated States of Micronesia
62%
Palestine
48%
No matching quizzes found
Score Distribution
Percent of People with Each Score
Percentile by Number Answered
Your Score History
You have not taken this quiz